• 首页
  • 本馆介绍
  • 公告通知
  • 最新文献
  • 馆藏检索
  • 电子资源
  • 读者导购
  • 参考咨询
  • 我的图书馆
  • 登录
  • 详细信息显示
  • 放入我的书架
  • 预约/预借图书
  • 作者相关作品
  • 分类相关作品
  • 丛书相关作品
  • 出版社相关作品

书目信息

  • 表格格式
  • 工作单格式
  • 卡片格式
题名:
中外民族音乐概论
    
 
作者: 陈珊珊 编著
分册:  
出版信息: 重庆   西南师范大学出版社  2016
页数: 187页
开本: 26cm
丛书名: 21世纪音乐教育丛书
单 册:
中图分类: J607.1
科图分类:
主题词: 民族音乐--Min Zu Yin Le--世界
电子资源:
ISBN: 978-7-5621-7710-4
000 00990nam0 22002531 450
001 0101082540
005 20161202101221.62
010    @a978-7-5621-7710-4@dCNY28.00
100    @a20160426d2016 em y0chiy50 ea
101 0  @achi
102    @aCN@b500000
105    @ag z 000yy
106    @ar
200 1  @a中外民族音乐概论@AZhong Wai Min Zu Yin Le Gai Lun@f陈珊珊编著
210    @a重庆@c西南师范大学出版社@d2016
215    @a187页@d26cm
225 2  @a21世纪音乐教育丛书@A21Shi Ji Yin Le Jiao Yu Cong Shu
330    @a本书对中外各民族音乐的分类、特点、体系进行了介绍,包括中国民间歌曲、歌舞音乐、说唱音乐、戏曲音乐、民间器乐。外国各国的民族音乐如日本、印度、巴基斯坦、土耳其、埃及、意大利、美国,对他们的民歌、民间器乐、歌舞音乐等进行了介绍。
461  0 @12001 @a21世纪音乐教育丛书
606 0  @a民族音乐@AMin Zu Yin Le@y世界
690    @aJ607.1@v5
701  0 @a陈珊珊@AChen Shan Shan@c(女,@f1981~)@4编著
801  0 @aCN@bTANGWEI@c20161128
905    @b0952396-400@dJ607.1@e710@f5
    
    中外民族音乐概论/陈珊珊编著.-重庆:西南师范大学出版社,2016
    187页;26cm.-(21世纪音乐教育丛书)
    
    
    ISBN 978-7-5621-7710-4:CNY28.00
    本书对中外各民族音乐的分类、特点、体系进行了介绍,包括中国民间歌曲、歌舞音乐、说唱音乐、戏曲音乐、民间器乐。外国各国的民族音乐如日本、印度、巴基斯坦、土耳其、埃及、意大利、美国,对他们的民歌、民间器乐、歌舞音乐等进行了介绍。
●
相关链接 在E读中查询图书 在五车中查询图书 在当当中查询图书 在豆瓣中查询图书


正题名:中外民族音乐概论     索取号:J607.1/710         预约/预借

序号 登录号 条形码 馆藏地/架位号 状态 备注
1 0952396   209523960   第一样本阅览室/ [索取号:J607.1/710] 在馆    
2 0952397   209523979   第一借阅区/ [索取号:J607.1/710] 在馆    
3 0952398   209523988   第一借阅区/ [索取号:J607.1/710] 在馆    
4 0952399   209523997   第一借阅区/ [索取号:J607.1/710] 在馆    
5 0952400   209524004   第一借阅区/ [索取号:J607.1/710] 在馆    
唐山师范学院图书馆 欢迎您!
大连网信软件有限公司© 版权所有